Slow Typing 1 to 100 - Statistics

General Stats
  • This quiz has been taken 2,949 times
  • The average score is 91 of 100
Answer Stats
# % Correct
1
100%
2
99%
3
98%
4
98%
5
97%
6
97%
7
97%
8
96%
9
96%
10
95%
11
94%
12
94%
13
94%
14
94%
15
93%
16
93%
17
93%
18
93%
19
93%
20
92%
21
92%
22
92%
23
92%
24
91%
25
91%
26
91%
27
91%
28
91%
29
91%
30
91%
31
91%
32
91%
33
91%
34
91%
35
90%
36
90%
37
90%
38
90%
39
90%
40
90%
41
90%
42
90%
43
90%
44
90%
45
90%
50
90%
56
90%
100
89%
46
89%
47
89%
48
89%
49
89%
51
89%
52
89%
53
89%
54
89%
55
89%
57
89%
58
89%
59
89%
60
89%
61
89%
62
89%
63
89%
64
89%
65
89%
66
89%
67
89%
68
89%
69
89%
70
89%
71
89%
72
89%
73
89%
74
89%
75
89%
76
89%
77
89%
78
89%
80
89%
81
89%
82
89%
83
89%
84
89%
85
89%
86
89%
87
89%
88
89%
89
89%
90
89%
91
89%
92
89%
93
89%
94
89%
96
89%
98
89%
99
89%
79
88%
95
88%
97
88%
No matching quizzes found
Score Distribution
Percent of People with Each Score
Percentile by Number Answered
Your Score History
You have not taken this quiz